Music Quiz

Random Music or Rock Quiz

First Songs on Albums (Medium) Quiz Stats

Quiz not verified by Sporcle

Challenge
Share
Tweet
Embed
Score 0/25 Timer 10:00
0 Plays Today
Album Song % Correct
NevermindSmells Like Teen Spirit
81%
Appetite For DestructionWelcome to the Jungle
69.8%
Led Zeppelin IVBlack Dog
63.5%
Who's NextBaba O'Riley
61.9%
MetallicaEnter Sandman
58.7%
RamonesBlitzkrieg Bop
57.1%
ParanoidWar Pigs
52.4%
ElephantSeven Nation Army
52.4%
Saturday Night FeverStayin' Alive
47.6%
Rubber SoulDrive My Car
44.4%
Pet SoundsWouldn't It Be Nice
42.9%
Born to RunThunder Road
41.3%
The Joshua TreeWhere The Streets Have No Name
41.3%
Album Song % Correct
Highway 61 RevisitedLike A Rolling Stone
39.7%
ThrillerWanna Be Startin' Somethin'
38.1%
CalifornicationAround the World
31.7%
The Rise and Fall of Ziggy Startdust and the Spiders From MarsFive Years
27%
RumoursSecond Hand News
25.4%
The Immaculate CollectionHoliday
25.4%
Kid AEverything In Its Right Place
25.4%
Exile on Main St.Rocks Off
19%
Jagged Little PillAll I Really Want
14.3%
LegendIs This Love
12.7%
Parallel LinesHanging on the Telephone
12.7%
My Aim Is TrueWelcome to the Working Week
11.1%

You're not logged in!

Compare scores with friends on all Sporcle quizzes.
Sign Up with Email
OR
Log In

You Might Also Like...

Show Comments

Extras

Top Quizzes Today


Score Distribution

Your Account Isn't Verified!

In order to create a playlist on Sporcle, you need to verify the email address you used during registration. Go to your Sporcle Settings to finish the process.